000 00439nam a2200205Ia 4500
001 12755
003 GE_BSU
008 181216s||||||||xx |||||||||||||| ||und||
020 _a9780099514572
040 _cGE_BSU
080 _a821.111-314
100 _aPatterson, james
245 _aCross Country.
260 _aLondon
260 _bArrow books
260 _c2008
300 _a450p.20cm.
653 _aCross Country.
942 _cBK
999 _c45926
_d45926